| 000 | 00000nam 2200000zi 4500 |
| 001 | 9.954256 |
| 003 | CaOODSP |
| 005 | 20250820110027 |
| 006 | m o d f |
| 007 | cr mn||||||||| |
| 008 | 250819e20241016oncd obs f000 0 eng d |
| 040 | |aCaOODSP|beng|erda|cCaOODSP |
| 043 | |an-cn--- |
| 086 | 1 |aCS82-003/2024-10-3E-PDF |
| 100 | 1 |aKerr, Stacie, |eauthor. |
| 245 | 10|aChild care for young children with disabilities / |cby Stacie Kerr, Leanne Findlay, and Rubab Arim. |
| 264 | 1|a[Ottawa] : |bStatistics Canada = Statistique Canada, |cOctober 16, 2024. |
| 264 | 4|c©2024 |
| 300 | |a1 online resource (pages 27-37) : |bchart. |
| 336 | |atext|btxt|2rdacontent |
| 337 | |acomputer|bc|2rdamedia |
| 338 | |aonline resource|bcr|2rdacarrier |
| 490 | 1 |aHealth reports, |x1209-1367 ; |vvol. 35, no. 10, [3] |
| 500 | |aIssued also in French under title: Services de garde pour les jeunes enfants ayant une incapacité. |
| 504 | |aIncludes bibliographical references (pages 36-37). |
| 520 | |a"More than half (56%) of Canadian children aged 0 to 5 years are in non-parental child care, but data on child care attendance among children with disabilities is limited. This study examines child care participation among young children with disabilities in Canada, with a focus on different disability types"--Page 27. |
| 650 | 0|aChild care|zCanada|vStatistics. |
| 650 | 0|aChildren with disabilities|xCare|zCanada|vStatistics. |
| 650 | 0|aChildren with disabilities|zCanada|vStatistics. |
| 655 | 7|aStatistics|2lcgft |
| 710 | 2 |aStatistics Canada, |eissuing body. |
| 775 | 08|tServices de garde pour les jeunes enfants ayant une incapacité / |w(CaOODSP)9.954269 |
| 830 | #0|aHealth reports (Series)|x1209-1367 ; |vvol. 35, no. 10, [3].|w(CaOODSP)9.950253 |
| 856 | 40|qPDF|s488 KB|uhttps://publications.gc.ca/collections/collection_2025/statcan/82-003-x/CS82-003-2024-10-3-eng.pdf |
| 856 | 41|qHTML|sN/A|uhttps://www150.statcan.gc.ca/n1/pub/82-003-x/2024010/article/00003-eng.htm |